00385nam a2200145Ia 450000500170000000800410001702000150005808200130007310000150008624500630010126000300016430000190019465000110021365000150022420240711071609.0240331s9999 xx 000 0 und d a0415905230 bTINa194 aChanter, T 0aEthics of eros :bIrigaray's rewriting of the philosophers aNew YorkbRoutledgec1995 axvii, 345 p ., aEthics aPhilosophy